000 00754nam a2200217Ii 4500
003 JO-AjNU
008 230605s9999||||xx |||||||||||||| ||und||
040 _aJO-AjNU
_bara
_erda
_cJO-AjNU
041 _aara
050 1 4 _aAG196.A7.B312.1995
100 3 _aبرهوم،محمود ،ناصر،نقولا ، خروب،محمد /ترجمة,
_eauthor
_98944
245 0 0 _aسلسلة بنك المعلومات للاطفال 8
250 _aط1
264 3 1 _aعمان:دار الفكر للطباعة والنشر والتوزيع،1994
300 _a111ص
336 _atext
_btxt
_2rdacontent
337 _aunmediated
_bn
_2rdamedia
338 _avolume
_bnc
_2rdacarrier
490 0 _aالسلسلة العلمية
650 4 _aمعارف عامة
_98945
999 _aA1046
_c4614
_d4614